zpět

Detail výsledku týmu

Eden, Heřmanův Městec

Datum a čas kvízu

32 Celkem bodů Celkový počet nahraných bodů na tomto kvízu bez doplňovacích otázek.
1. Pořadí na kvízu Konečné umístění týmu na tomto kvízu.

Zaznamenané odpovědi

# Otázka Odpověď Body Výsledky
1. Bývalý premiér Jiří Paroubek s... Nespokojení 0
2. Ukrajinská pošta vydala k přip... Banksy 1
3. Britskou cenu BAFTA za nejlepš... Na západní frontě klid 1
4. Známý výrobce spodního prádla... Victoria's Secret 0
5. Výsledek úvodního zápasu osmif... 2:5, Real Madrid 0.5
6. Téma o dezertech vyhrálo minul... z Portugalska 0
7. Jak se nazývá dezert v podobě... B) Pečená Aljaška, z Francie 1
8. Takovýto oplatkový dort nese n... pišingr 0
9. Ze kterého města, které je dom... ze Salcburku 0
10. Koupil jsem v cukrárně ___, sl... Lence 0